Inovatívne formy organizácie práce

Telework v SR, porovnanie s úrovňou teleworku vo vybraných krajinách EÚ, ktoré sú zapojené v projekte LIPSE.

Gespeichert in:
Bibliographische Detailangaben
1. Verfasser: Mikušová Meričková, Beáta
Weitere Verfasser: Svidroňová, Mária
Format: Buchkapitel
Sprache:Slowakisch
Schlagworte:
Tags: Tag hinzufügen
Keine Tags, Fügen Sie das erste Tag hinzu!

MARC

LEADER 00000nla a2200000 4500
001 0192638
005 20240417075049.1
041 0 |a slo 
044 |a SK 
245 1 0 |a Inovatívne formy organizácie práce  |c Beáta Mikušová Meričková, Mária Svidroňová 
520 |a Telework v SR, porovnanie s úrovňou teleworku vo vybraných krajinách EÚ, ktoré sú zapojené v projekte LIPSE. 
610 2 0 |a organizácia práce 
610 2 0 |a práca 
610 2 0 |a práca z domu 
610 2 0 |a technológie informačné 
610 2 0 |a technológie komunikačné 
100 1 |a Mikušová Meričková, Beáta 
700 1 |a Svidroňová, Mária